| 000 | 00615nam a2200229Ia 4500 | ||
|---|---|---|---|
| 003 | OSt | ||
| 005 | 20221002054927.0 | ||
| 006 | a|||||r|||| 00| 0 | ||
| 007 | ta | ||
| 008 | 220930b |||||||| |||| 00| 0 urd d | ||
| 024 | _a71102 | ||
| 037 | _cReference Collections | ||
| 040 |
_aCRL _cCRL _burd |
||
| 041 |
_2urd _aurd |
||
| 082 | _aO168,1k, Q0.1(RR) | ||
| 100 |
_aAkif Raza ur Rehman Au. _9576489 |
||
| 245 | 0 | _aSawanehi encyclopedia | |
| 260 | _c2010 | ||
| 650 | _aURDU POETRY | ||
| 942 |
_hO168,1k, Q0.1(RR) _cref _2CC |
||
| 999 |
_c926217 _d926217 |
||